000 00721nam a2200229 a 4500
001 10312
003 CO-ViMGA
008 141112s2004 ck r 000 u spa d
020 _a9589082734
040 _aCO-ViMGA
_bspa
_cCO-ViMGA
082 0 4 _a720.982 D45t
100 1 _aMorales ; Carlos,
_913558
245 1 0 _aEl Arquitecto y su ciudad
260 _aBogotá :
_bEscala,
_cUniversidad de los Andes,
_c1993
300 _a178p. : il. color
490 _aColección comosur; 13
500 _aFacultad de Arquitectura.
650 1 4 _aARQUITECTURA ARGENTINA - SIGLO XX
_913559
650 1 4 _aARQUITECTURA MODERNA - ARGENTINA SIGLO X
_913560
650 1 4 _aDIAZ, TOGO - TRABAJOS ARQUITECTONICOS
_913561
942 _2ddc
_cBK
999 _c21668
_d21668